00335nam a2200121Ia 45000030006000000080041000060400015000471000037000622450076000992600009001755460012001840050017001960STCL150530s9999 xx 000 0 und d aSTCLcSTCL aColin Mac Andrews; Chia Lin Sien aDeveloping economics and the environment the southeast Asian experience c1979 aEnglish20220125165618.0